Stochastic calculus : a practical introduction

Αποθηκεύτηκε σε:
Λεπτομέρειες βιβλιογραφικής εγγραφής
Κύριος συγγραφέας: Durrett, Richard 1951-
Μορφή: Βιβλίο
Γλώσσα:English
Δημοσίευση: Boca Raton : CRC Press, c1996
Σειρά:Probability and stochastics series
Θέματα:
Ετικέτες: Προσθήκη ετικέτας
Δεν υπάρχουν, Καταχωρήστε ετικέτα πρώτοι!

MARC

LEADER 00000nam a2200000 i 4500
001 1/9592
008 000822s1996 eng d
020 |a 0849380715 
035 |l 10063120 
040 |a GR-MY-UA  |b gre  |e aacr 
041 0 |a eng 
082 0 |a 519.2 
100 1 |a Durrett, Richard  |d 1951- 
245 1 0 |a Stochastic calculus :  |b a practical introduction /  |c Richard Durrett 
260 |a Boca Raton :   |b CRC Press,   |c c1996 
300 |a vi, 341 p.;  |c 24 cm. 
490 1 |a Probability and stochastics series 
500 |a Rev. ed. of: Brownian motion and martingales in analysis. c1984 
504 |a Includes bibliographical references (p. 335-338) and index. 
650 0 0 |a Stochastic analysis. 
830 0 |a Probability and stochastics series 
852 |a INST  |b SAMOS  |e 20000822  |h 519.2 DUR  |p 005300018995  |q 005300018995  |t BK  |y 0 
901 |a BIBL3-2000-2 
909 |a Σ  |b 080800 
922 |a 3ΕΛΗ  |b 200001  |c ΤΜΗΜΑ ΜΑΘΗΜΑΤΙΚΩΝ  |d ΠΑΠΑΣΩΤΗΡΙΟΥ 
950 |a 116-2000-01-19 
970 |a ΜΑΛΑΓΑΡΗ  |b ΦΩΤΕΙΝΗ  |z 2000/08/25